Olympique de Marseille Squad 2025-2026 - Statistics

General Stats
  • This quiz has been taken 277 times
    29 since last reset
  • The average score is 23 of 36
Answer Stats
# Position Nation Player % Correct
9 FW Algeria Amine Gouiri
100%
1 GK Argentina Gerónimo Rulli
100%
5 DF Argentina Leonardo Balerdi
100%
10 FW England Mason Greenwood
100%
23 MF Denmark Pierre-Emile Højbjerg
100%
14 FW Brazil Igor Paixão
96%
97 FW Gabon Pierre-Emerick Aubameyang
96%
19 MF Central African Republic Geoffrey Kondogbia
92%
- Coach Italy Roberto De Zerbi
92%
4 DF England CJ Egan-Riley
88%
22 FW United States Timothy Weah
88%
62 DF Panama Amir Murillo
83%
12 GK Netherlands Jeffrey de Lange
83%
17 MF Denmark Matt O'Riley
75%
6 DF Switzerland Ulisses Garcia
75%
28 DF France Benjamin Pavard
71%
21 DF Morocco Nayef Aguerd
71%
18 MF Belgium Arthur Vermeeren
67%
36 GK Spain Rubén Blanco
67%
32 DF Argentina Facundo Medina
63%
8 MF England Angel Gomes
58%
11 MF England Ethan Nwaneri
58%
7 FW France Neal Maupay
58%
26 MF Morocco Bilal Nadir
54%
50 MF France Darryl Bakola
54%
27 MF Netherlands Quinten Timber
54%
34 FW France Robinio Vaz
54%
8 MF Algeria Himad Abdelli
50%
6 MF Nigeria Tochukwu Nnadi
46%
29 DF Spain Pol Lirola
42%
20 MF Ivory Coast Hamed Traoré
33%
33 DF Italy Emerson
29%
24 FW Cameroon François Mughe
17%
92 GK France Théo Vermot
13%
- Coach France Jacques Abardonado
8%
40 GK Belgium Jelle Van Neck
8%
No matching quizzes found
Score Distribution
Percent of People with Each Score
Percentile by Number Answered
Your Score History
You have not taken this quiz since the last reset